Warszawskie ulice z polskiej edycji Monopoly Standard - Statystyki

Ogólne statystyki
  • Ten quiz został rozwiązany 421 razy
  • Średni wynik to 15 z 26
Statystyki odpowiedzi
Kolor ulicy Nazwa ulicy % Poprawnych
Dworzec Dworzec Zachodni
80%
Dworzec Dworzec Wschodni
79%
Dworzec Dworzec Centralny
77%
Zielony Aleje Jerozolimskie
74%
Dworzec Dworzec Gdański
70%
Żółty Nowy Świat
70%
Granatowy Aleje Ujazdowskie
69%
Zielony Marszałkowska
69%
Granatowy Belwederska
59%
Zielony Plac Trzech Krzyży
56%
Żółty Świętokrzyska
56%
Żółty Krakowskie Przedmieście
55%
Brązowy Stalowa
55%
Czerwony Mickiewicza
54%
Niebieski Targowa
54%
Brązowy Konopacka
51%
Czerwony Plac Wilsona
51%
Różowy Marsa
47%
Różowy Grochowska
46%
Niebieski Jagiellońska
46%
Pomarańczowy Wolska
46%
Czerwony Słowackiego
44%
Pomarańczowy Górczewska
43%
Pomarańczowy Obozowa
40%
Niebieski Radzymińska
37%
Różowy Płowiecka
32%
Nie znaleziono quizów pasujących do podanych kryteriów
Rozkład punktacji
Procent ludzi z każdym wynikiem
Percentyl według liczby udzielonych odpowiedzi
Twoja historia wyników
Nie rozwiązałeś tego quizu